header

Gays and the military (Record no. 59076)

MARC details
000 -LEADER
fixed length control field 01799nam a2200385 a 4500
082 04 - DEWEY DECIMAL CLASSIFICATION NUMBER
Classification number 355/.008/664
100 1# - MAIN ENTRY--AUTHOR NAME
Personal name Steffan, Joseph,
245 10 - TITLE STATEMENT
Title Gays and the military
260 ## - PUBLICATION, DISTRIBUTION, ETC. (IMPRINT)
Place of publication Princeton, N.J. :
Name of publisher Princeton University Press,
Year of publication c1993.
300 ## - PHYSICAL DESCRIPTION
Number of Pages xxii, 222 p.
500 ## - GENERAL NOTE
General note Selected records and judgment in the case of Joseph C. Steffan v. Richard B. Cheney, Secretary of Defense, heard by the United States District Court for the District of Columbia.
650 #0 - SUBJECT ADDED ENTRY--TOPICAL TERM
Topical Term Equality before the law
Topical Term Gay military personnel
700 1# - ADDED ENTRY--PERSONAL NAME
Personal name Wolinsky, Marc,
Personal name Sherrill, Kenneth S.,
Personal name Cheney, Richard B.
856 40 - ELECTRONIC LOCATION AND ACCESS
Uniform Resource Identifier http://site.ebrary.com/lib/rucke/Doc?id=10035916

No items available.

© 2026 Rongo University
Contact us: librarian | system librarian | Rongo university